000 00654cab a2200217 4500
001 WB3126-13
008 090401t1995 xxu||||| |||| 00| 0 eng d
035 _a(Sirsi) u22235
041 _aeng
245 _aMotorway sites sold
260 _c1995
350 _a0
490 _aFinancial Times
_v6 July 1995, 8(1)
520 _aThe second sale of motorway service areas has taken place and again the sale has raised a disappointing amount.
650 _aMOTORWAY SERVICE AREAS
650 _aSERVICE AREAS
650 _aSERVICE STATIONS
690 _aPROPERTY-COMMERCIAL PROPERTY-COMMERCIAL PROPERTY MARKET
942 _n0
948 _c04/03/1997
999 _c14894
_d14894